000 00761nam a2200229Ia 4500
005 20250508170036.0
008 008 250505s9999 xx 000 0 eng d
020 _a0-7494-0642-9
037 _aTextual
040 _aFEDL
_beng
_cFEDL
041 _aeng
_2eng
084 _a510.71, SEN
_qFEDL
100 _aSenk Sharon L Ed.
_9782810
245 0 _aStandards- based school mathematics curricula: What are they?: What do students learn?
260 _aNew Jeresy, USA
_bLawrence Erlbaum Associates
_c2003
300 _axx, 515p.
490 _aStudies in Mathematical Thinking and Learning
546 _aGifted by Prof. Anita Rampal
700 _a Thompson Denisse R Ed.
_9782811
942 _cTEXL
_h510.71, SEN
999 _c1398865
_d1398865